Secret Country V Quiz Stats

Quiz Updated Dec 6, 2017

Also try: Secret Country IV
Challenge
Share
Tweet
Score 0/197 Timer 01:00
29 Plays Today
% Correct
Italy
85.2%
France
81.3%
Germany
78.9%
Spain
75.8%
Switzerland
71.4%
Austria
68.4%
United Kingdom
68.3%
United States of America
64.1%
Belgium
62.1%
Portugal
61.7%
Russia
61.5%
Greece
59.7%
Poland
59.7%
Luxembourg
59.6%
Andorra
59.2%
Vatican City
59.1%
Brazil
58.8%
Netherlands
58.2%
Croatia
57.2%
China
57%
Liechtenstein
57%
San Marino
56.4%
Czechia
56.3%
Ireland
56%
Egypt
55.9%
Slovenia
55.7%
Canada
55.6%
Hungary
55.3%
Malta
54.7%
Australia
54.4%
Mexico
54.2%
Morocco
53.8%
Denmark
53.8%
Slovakia
53.5%
Turkey
52.8%
India
52.8%
Sweden
52.7%
Serbia
52.5%
Norway
52.2%
Algeria
52.2%
South Africa
51.9%
Chad
51.7%
Libya
51.4%
Iceland
51.4%
Albania
51%
Romania
51%
Tunisia
50.5%
Kosovo
50.2%
Cyprus
50.2%
Niger
50.1%
Bosnia and Herzegovina
49.8%
Finland
49.8%
Ukraine
49.7%
Macedonia
49.7%
Panama
49.6%
Iran
49.5%
Mali
49.4%
Montenegro
49.4%
Saudi Arabia
49.3%
Sudan
49.3%
Bulgaria
49.3%
Chile
49.2%
Japan
49.2%
Argentina
49.1%
Cuba
49%
Moldova
48.9%
% Correct
New Zealand
48.8%
Democratic Republic of the Congo
48.7%
Israel
48.7%
Ghana
48.5%
Peru
48.5%
Belarus
48.3%
Iraq
48.1%
Honduras
48.1%
Kenya
48.1%
Latvia
48.1%
Estonia
48%
Guatemala
47.9%
Costa Rica
47.9%
Indonesia
47.8%
Belize
47.8%
Nicaragua
47.8%
Nigeria
47.8%
Lithuania
47.8%
Fiji
47.7%
Togo
47.7%
Angola
47.6%
Yemen
47.6%
Venezuela
47.6%
Cote d'Ivoire
47.6%
Colombia
47.5%
Central African Republic
47.5%
Mongolia
47.5%
Somalia
47.5%
Senegal
47.4%
Ethiopia
47.4%
Syria
47.4%
Republic of the Congo
47.4%
Oman
47.4%
United Arab Emirates
47.4%
Jordan
47.4%
Bolivia
47.4%
Madagascar
47.4%
Jamaica
47.3%
Liberia
47.3%
Vietnam
47.3%
Haiti
47.3%
El Salvador
47.3%
Vanuatu
47.3%
Benin
47.2%
Ecuador
47.2%
Lebanon
47.2%
Mauritania
47.2%
Papua New Guinea
47.1%
Gabon
47.1%
Rwanda
47.1%
Uruguay
47.1%
Thailand
47.1%
Lesotho
47.1%
Guinea
47.1%
Samoa
47.1%
Sierra Leone
47.1%
Uganda
47%
Georgia
47%
Paraguay
47%
Cameroon
47%
Tonga
47%
The Gambia
47%
Laos
47%
Malaysia
47%
Pakistan
47%
Philippines
47%
% Correct
Djibouti
47%
Palau
47%
Tuvalu
47%
Armenia
46.9%
The Bahamas
47%
Palestine
46.9%
Kazakhstan
46.9%
Nauru
46.9%
Micronesia
46.9%
Kiribati
46.9%
Suriname
46.9%
Namibia
46.9%
Maldives
46.9%
Marshall Islands
46.9%
Zimbabwe
46.9%
Dominica
46.9%
South Sudan
46.9%
Solomon Islands
46.9%
South Korea
46.9%
Afghanistan
46.8%
Singapore
46.9%
Tanzania
46.9%
Botswana
46.8%
Qatar
46.8%
Cabo Verde
46.8%
Nepal
46.8%
Zambia
46.8%
Eritrea
46.8%
Burkina Faso
46.8%
Guyana
46.8%
Barbados
46.8%
North Korea
46.8%
Kuwait
46.8%
Cambodia
46.7%
Timor-Leste
46.7%
Trinidad and Tobago
46.7%
Brunei
46.7%
Malawi
46.7%
Seychelles
46.7%
Sri Lanka
46.7%
Bhutan
46.7%
Mozambique
46.7%
Saint Kitts and Nevis
46.7%
Saint Lucia
46.7%
Azerbaijan
46.7%
Dominican Republic
46.7%
Myanmar
46.7%
Swaziland
46.7%
Uzbekistan
46.7%
Burundi
46.7%
Grenada
46.7%
Kyrgyzstan
46.7%
Bahrain
46.6%
Comoros
46.7%
Taiwan
46.6%
Mauritius
46.6%
Antigua and Barbuda
46.6%
Sao Tome and Principe
46.6%
Saint Vincent and the Grenadines
46.6%
Bangladesh
46.6%
Equatorial Guinea
46.6%
Guinea-Bissau
46.6%
Turkmenistan
46.6%
Tajikistan
46.5%
Monaco
46.5%

You're not logged in!

Compare scores with friends on all Sporcle quizzes.
Sign Up with Email
OR
Log In

You Might Also Like...

Show Comments

Extras

Top Quizzes Today


Score Distribution

Your Account Isn't Verified!

In order to create a playlist on Sporcle, you need to verify the email address you used during registration. Go to your Sporcle Settings to finish the process.